| 000 | 01664nam a2200349 i 4500 | ||
|---|---|---|---|
| 001 | 768714001 | ||
| 003 | CO-MdFUSB | ||
| 005 | 20220208161632.0 | ||
| 007 | ta | ||
| 008 | 220208t2021 -us ||||| |||| 00| 0 spa d | ||
| 020 | _a9780311150588 | ||
| 040 |
_aCO-MdFUSB _bspa _cCO-MdFUSB _dCO-MdFUSBC _erda |
||
| 041 | _aspa | ||
| 082 |
_223 _a270 _bG643 |
||
| 100 |
_aGonzález, Catherine Gunsalus. _eautor |
||
| 245 | 3 |
_aEl Culto en la Iglesia Antigua _c/ Catherine Gunsalus González , Justo L. González |
|
| 264 | 1 |
_aEstados Unidos : _bMundo Hispano, _c[2021] |
|
| 264 | 4 | _c© 2021 | |
| 300 |
_a320 páginas _c; 24 cm |
||
| 336 |
_2rdacontent _atexto _btxt |
||
| 337 |
_2rdamedia _asin mediación _bn |
||
| 338 |
_2rdacarrier _avolumen _bnc |
||
| 505 |
_tPrimera parte. El Judeocristianismo _aEl culto en Israel. -- El culto judío y el culto judeocristiano. -- El mensaje judeocristiano. -- El calendario cristiano. -- De la conversión al bautismo. -- Datos fundamentales. |
||
| 505 |
_tSegunda parte. Desde el año 100 hasta 313 (Constantino) _aNuevas circunstancias. -- La predicación. -- El bautismo. -- La comunión. -- Los tiempos, los lugares y las prácticas. |
||
| 505 |
_tTercera parte. Desde Constantino -313 hasta las invasiones: _aNuevas circunstancias. -- La predicación. -- En torno al bautismo. -- En torno a la comunión. -- Los tiempos, los lugares y las prácticas. |
||
| 505 |
_tCuarta parte. Las invasiones: _aUna nueva era. -- Epílogo: el culto de hoy entre ayer y mañana. |
||
| 563 | _aTapa dura | ||
| 650 | 0 |
_9153 _aHistoria de la Iglesia |
|
| 700 | 1 |
_9859 _aGonzález, Justo L., _d1937- _eautor |
|
| 942 | _cBK | ||
| 945 | _aJTF-925 | ||
| 999 |
_c67125 _d67125 |
||